000 00708nam a2200205 i 4500
001 135594
003 ES-MaACL
005 20250828000910.0
007 t|
008 070720s1946 sp ||||1| spa d
080 _a946"1474/1517"
100 1 _aTorre y del Cerro, Antonio de la.
_9110794
245 1 4 _aLos Reyes Católicos y Granada /
_cAntonio de la Torre y del Cerro.
260 _aMadrid :
_bConsejo Superior de Investigaciones Cientificas. Instituto Jerónimo Zurita.
300 _a230 p. :
_bil. ;
_c23 cm.
651 _aEspaña-
_xHistoria-
_y1474-1516, Reyes Católicos.
_98222
710 2 _aInstituto Jerónimo Zurita
_95106
852 _aES-MaACL
_jC-3897
_bR.23496
999 _c135594
_d135594